| 000 | 00476nam a22001697a 4500 | ||
|---|---|---|---|
| 005 | 20230329145126.0 | ||
| 008 | 230329b |||||||| |||| 00| 0 eng d | ||
| 041 | _aeng | ||
| 082 | _a615.19-MIN-N | ||
| 100 |
_aMINISTRY OF HEALTH & FAMILY WELFARE GOVERNMENT OF INDIA _97559 |
||
| 245 | _aNATIONAL FORMULARY OF INDIA 2021 | ||
| 250 | _a6th ed. | ||
| 260 |
_aGHAAZIABAD _bINDIAN PHARMACOPOEIA _c2021 |
||
| 300 | _a997;P. | ||
| 650 |
_aPHARMACY _x B.PHARMA _97560 |
||
| 942 | _cBK | ||
| 999 |
_c8250 _d8248 |
||